The Winning Way 2.0 (Record no. 351337)

MARC details
000 -LEADER
fixed length control field 00482nam a2200169Ia 4500
008 - FIXED-LENGTH DATA ELEMENTS--GENERAL INFORMATION
fixed length control field 230718s9999 xx 000 0 und d
020 ## - INTERNATIONAL STANDARD BOOK NUMBER
International Standard Book Number 9789386224781
041 ## - LANGUAGE CODE
Language code of text/sound track or separate title eng
082 ## - DEWEY DECIMAL CLASSIFICATION NUMBER
Classification number 796.069
Item number BHO
100 ## - MAIN ENTRY--PERSONAL NAME
Personal name Bhogle A.
9 (RLIN) 116674
245 ## - TITLE STATEMENT
Title The Winning Way 2.0
Remainder of title Learning From Sport For Managers
260 ## - PUBLICATION, DISTRIBUTION, ETC. (IMPRINT)
Date of publication, distribution, etc. 2017
Name of publisher, distributor, etc. Westland
300 ## - PHYSICAL DESCRIPTION
Extent 278
365 ## - TRADE PRICE
Currency code Rs.
Price amount 350.00
700 ## - ADDED ENTRY--PERSONAL NAME
Personal name Bhogle A. & Bhogle H.
9 (RLIN) 116675
906 ## - LOCAL DATA ELEMENT F, LDF (RLIN)
d O:0707920-Feb-2020B:11520-Jan-2020
c GENRL
b 87.5
Holdings
Withdrawn status Lost status Source of classification or shelving scheme Damaged status Not for loan Home library Current library Date acquired Vendor Budget Code Cost, normal purchase price Bill number Total Checkouts Full call number Barcode Date last seen Date last checked out Discount Cost, replacement price Bill Date Koha item type Original Barcode
    Dewey Decimal Classification     Cummins College of Engineering for Women Pune Cummins College of Engineering for Women Pune 20/02/2020 Shiv Book Center GENRL 262.50 115 1 796.069 CCEP-BK-62548 28/08/2024 14/08/2024 87.5 350.00 20/01/2020 Books 062548